=LDR 00000nam 2200000 4500 =001 INLIS000000000001034 =005 20220607025231 =035 ##$$a 0010-1221000257 =245 1#$$a Pengaruh Sistem Pendistribusian PT. Lingkar Kreasi Mandiri Terhadap Peningkatan Penjualan Produk Sari Roti Di Alfa Mart dan Alfa Midi Kota Makassar : $b Tugas Akhir /$c Cici Permata Sari =100 #$$a CICI Permata Sari =250 ##$$a 2021 =300 ##$$a xi, 38 halaman : $b Tabel; gambar ; $c 20,7x28,8 cm =856 ##$$a OPAC (Rak TA TIA 2021) =260 ##$$a Makassar :$b Politeknik ATI Makassar - Teknik Industri Agro,$c 2021 =082 ##$$a (R)2021 TA-TIA 818 =084 ##$$a (R)2021 TA-TIA 818 CIC p =650 #4$$a Tugas Akhir TIA 2021 =008 220607################|##########|#|## =520 ##$$a PT. Lingkar Kreasi Mandiri merupakan perusahaan distribusi bergerak di bidang supplier barang dan jasa. Sistem distribusi merupakan salah satu upaya yang dapat dilakukan untuk menyalurkan barang dari produsen sampai ke konsumen. Sistem distribusi mempunyai hubungan erat dengan volume penjualan. Sistem distribusi yang maksimal dari para penyedia produk akan meningkatkan volume penjualan dan memberikan suatu dorongan kepada pelanggan untuk menjalin hubungan yang kuat dengan perusahaan. Berdasarkan hasil interview yang dilakukan Pada PT. Lingkar Kreasi Mandiri ada beberapa faktor yang dapat menjadi kendala dalam pendistribusian antara lain yang pertama faktor keterlambatan pendistribusian barang dan jasa. Penelitian ini bertujuan untuk mengatahui bagaimana pengaruh sistem pendistribusian terhadap peningkatan penjualan produk Sari Roti. Manfaat penelitian ini secara teoretis mampu memberikan sumbangan pemikiran bagi pengembangan sistem pendistribusian. Manfaat secara paraktis diharapkan dapat dijadikan bahan evaluasi pada perusahaan mengenai sistem pendistribusian untuk meningkatkan penjualan. Metode penelitian yang digunakan adalah metode kuantitatif, dengan pengambilan sampel menggunakan rumus slovin sehingga di dapatkan sampel sebanyak 71 responden dari karyawan Alfa Mart & Alfa Midi. Berdasarkan analisis dengan regresi linier sederhana uji T dan determinasi (R2 ) dengan variabel X yaitu Sistem distribusi dan variabel Y yaitu Volume Penjualan. Berdasarkan dari hasil penelitian, dari hasil uji R dinyatakan bahwa distribusi memiliki pengaruh terhadap volume penjualan sebesar = 71,2 %. apabila Thitung > Ttabel (8,41% > 1,99%) artinya terdapat pengaruh sistem distribusi terhadap volume penjualan secara signifikan dan berkorelasi positif. =990 ##$$a 177/TA TIA 2021